| 000 | 00542nam a22001577a 4500 | ||
|---|---|---|---|
| 003 | OSt | ||
| 005 | 20151003094658.0 | ||
| 008 | 151003b xxu||||| |||| 00| 0 eng d | ||
| 040 | _cRUA | ||
| 082 | _aAVM ឆាយ 1992 B066 Or.1 | ||
| 100 |
_91847 _aឆាយ ណាវុធ |
||
| 245 | _aការចិញ្ចឹមមាន់យកស៊ុតពូជនាំចូល នៅជុំវិញរដ្ឋធានីភ្នំពេញ | ||
| 260 |
_aPhnom Penh _bRUA _c1992 |
||
| 300 |
_a115p. _bill. _c29cm. |
||
| 942 |
_2ddc _cAVM |
||
| 999 |
_c1743 _d1743 |
||